Сборник первый; Вопросы географии Сибири; Некоторые очередные задачи по геоморфологии, геологии и гидрологии Сибири; Почвы Правбережья Оби; О распространении западно-сибирского цокора (Myospalax Myospalax Laxmann); Из истории формирования рельефа бассейна р. Б. Юган; Федор Еремеев- первооткрыватель железных руд в Сибири; К вопросу о климатическом факторе горного оледенения; О расчленении Сибири на ботанико-географические провинции

Dettagli Bibliografici
Parent link:Вопросы географии Сибири: [сборник статей]/ Географическое общество Союза ССР, Томский отдел ; Томский государственный университет (ТГУ). Сборник первый.— , 1949-1973
Lingua:russo
Pubblicazione: 1949
TOC:В. А. Обручев, Некоторые очередные задачи по геоморфологии, геологии и гидрологии Сибири;
К. А. Кузнецов, Почвы Правбережья Оби;
И. П. Лаптев, А. В. Лосев, О распространении западно-сибирского цокора (Myospalax Myospalax Laxmann);
Н. А. Нагинский, Из истории формирования рельефа бассейна р. Б. Юган;
А. Р. Пугачев, Федор Еремеев- первооткрыватель железных руд в Сибири;
М. В. Тронов, К вопросу о климатическом факторе горного оледенения;
О расчленении Сибири на ботанико-географические провинции;
Soggetti:
Natura: MixedMaterials Libro
KOHA link:https://koha.lib.tpu.ru/cgi-bin/koha/opac-detail.pl?biblionumber=250465

MARC

LEADER 00000nam2a2200000 4500
001 250465
005 20231101232550.0
010 |b 1000 экз. 
035 |a (RuTPU)RU\TPU\book\272665 
090 |a 250465 
100 |a 20140213d1949 k y0rusy50 ca 
101 0 |a rus 
102 |a RU 
105 |a ab z 001zy 
200 0 |a Сборник первый 
210 |d 1949 
215 |a 199 с.  |c ил., карты 
320 |a Библиогр. в конце ст. 
461 1 |0 (RuTPU)RU\TPU\book\272642  |t Вопросы географии Сибири  |o [сборник статей]  |f Географическое общество Союза ССР, Томский отдел ; Томский государственный университет (ТГУ)  |v Сборник первый  |d 1949-1973 
464 |t Некоторые очередные задачи по геоморфологии, геологии и гидрологии Сибири  |f В. А. Обручев 
464 |t Почвы Правбережья Оби  |f К. А. Кузнецов 
464 |t О распространении западно-сибирского цокора (Myospalax Myospalax Laxmann)  |f И. П. Лаптев, А. В. Лосев 
464 |t Из истории формирования рельефа бассейна р. Б. Юган  |f Н. А. Нагинский 
464 |t Федор Еремеев- первооткрыватель железных руд в Сибири  |f А. Р. Пугачев 
464 |t К вопросу о климатическом факторе горного оледенения  |f М. В. Тронов 
464 |t О расчленении Сибири на ботанико-географические провинции 
600 1 |a Еремеев  |b Ф.  |c кузнец-рудознатец  |f конец 16-нач. 17 вв.  |g Федор  |2 stltpush  |3 (RuTPU)RU\TPU\pers\25843  |9 11713 
606 1 |a География  |x Азии  |2 stltpush  |3 (RuTPU)RU\TPU\subj\5923  |9 33907 
606 1 |a Геология  |y Азия  |2 stltpush  |3 (RuTPU)RU\TPU\subj\6112  |9 34071 
610 1 |a география почв 
610 1 |a рельеф местности 
610 1 |a климатические факторы 
610 1 |a коллекция В. А. Обручева 
675 |a 91(5)  |v 3 
675 |a 55(5)  |v 3 
801 1 |a RU  |b 63413507  |c 20140213 
801 2 |a RU  |b 63413507  |c 20211014  |g RCR 
942 |c BK